000 00449nam a22001811a 4500
001 4036
003 OSt
005 20260204211913.0
008 050604s1970||||BA ||||||b||||||||||spa||
050 _a940.25 H782d
100 _aHorkheimer, Max
245 _aDialéctica del iluminismo / Max Horkheimer
264 _aBuenos Aires: S. N.
300 _a302 p
500 _aIncluye indice
650 _aIluminismo - Historia EuropaÌ
942 _2ddc
_cBK
999 _c4036
_d4036